000 01464nam1a2200361 4500
001 RU\NLR\bibl\556956
005 20260408172843.0
035 _a(NLR Aleph) 000549096
090 _a1461039
_c1461039
100 _a20040929d2002 k y0rusy50 ca
101 0 _arus
102 _aRU
105 _a||||z |||||
200 1 _aАналитические преобразования Фурье и экспоненциальные аппроксимации
_f[А.М. Седлецкий]
210 _aМ.
_cМАИ
_d2002
215 _d29
225 1 _aСовременная математика. Фундаментальные направления
_v...
300 _aАвт. указан на 3-й с.
463 0 _1001556967
463 0 _1001556971
606 0 _aФурье преобразования
_jСборники
_92216316
_3RU\NLR\auth\661331102
606 0 _aАппроксимация
_jСборники
_92205906
_3RU\NLR\auth\661325322
606 _aПриближения (мат.)
_jСборники
_3RU\NLR\auth\6622795
_9928326
606 _aПреобразования (мат.) Фурье
_jСборники
_3RU\NLR\auth\66725661
_91640904
686 _aВ161.911я43
686 _aВ161.49я43
700 1 _aСедлецкий
_bА. М.
_gАнатолий Мечеславович
_4070
801 0 _aRU
_bNLR
_c20040929
_gPSBO
801 1 _aRU
_bNLR
_c20040929
852 _aNLR
_jП8/1600
942 _cBOOK
980 _aNB